| 000 | 00751nac a22002051u 4500 | ||
|---|---|---|---|
| 010 | _a 90040234 | ||
| 020 | _a0314765514 (alk. paper) | ||
| 082 | 0 | 0 |
_a620.0042 _bWAL |
| 090 |
_c5899 _d5899 |
||
| 100 | _aWalton, Joseph W. | ||
| 245 | 1 | 0 |
_aEngineering design : _bfrom art to practice / _cJoseph W. Walton. |
| 260 |
_aSt. Paul, MN : _bWest Pub. Co.,c1991. _cc1991. |
||
| 300 |
_axx, 664 p. : _bill. ; _c26 cm. |
||
| 500 | _aDistributer : Al-Ahram. | ||
| 504 | _aIncludes bibliographical references and index. | ||
| 511 | _aCatalogued By: Mahitab. | ||
| 650 | 0 | _aEngineering design. | |
| 942 |
_cBB _k620.0042WAL |
||
| 999 |
_c5899 _d5899 |
||